000 00664nam a2200241Ia 4500
005 20250508165147.0
008 008 250505s9999 xx 000 0 eng d
020 _a0-201-10566-7
037 _aTextual
040 _aFEDL
_beng
_cFEDL
041 _aeng
_2eng
084 _a546.224, DAY
_qFEDL
100 _aDay M Clyde
_9768436
245 0 _aTheoretical inorganic chemistry
250 _a2
260 _aNew Delhi, India
_bAffiliated East-West Press Pvt. Ltd.
_c2000
300 _axviii, 590p.
365 _aINR
_b175
546 _aRSPEE
700 _a Selbin Joel
_9780033
942 _cTEXL
_h546.224, DAY
999 _c1393511
_d1393511